[Event "SWE Cup"]
[Site "Sweden"]
[Date "2017.03.26"]
[Round "9.3"]
[White "Emmoth, Alfons"]
[Black "Andersson, Bjorn"]
[Result "1/2-1/2"]
[WhiteElo "1899"]
[BlackElo "2202"]
[PlyCount "166"]
[EventDate "2017.01.14"]
[EventType "team-tourn"]
[EventRounds "9"]
[EventCountry "SWE"]
[SourceTitle "CBM 177 Extra"]
[Source "ChessBase"]
[SourceDate "2017.04.27"]
[SourceVersion "1"]
[SourceVersionDate "2017.04.27"]
[SourceQuality "1"]
[WhiteTeam "Vasteras"]
[BlackTeam "Burgsvik Alva"]
[WhiteTeamCountry "SWE"]
[BlackTeamCountry "SWE"]

1. d4 c5 2. d5 Nf6 3. Nc3 g6 4. e4 d6 5. Be2 Bg7 6. Nf3 0-0 7. 0-0 Na6 8. Nd2 Nc7 9. a4 a6 10. Nc4 b5 11. axb5 axb5 12. Rxa8 Nxa8 13. Nxb5 Nxe4 14. Bf3 Ba6 15. Nba3 Nf6 16. Re1 Re8 17. Bd2 Nd7 18. Ba5 Qb8 19. Qd2 Nab6 20. Nxb6 Nxb6 21. b3 Nd7 22. Bd1 Nf6 23. c4 e5 24. dxe6 fxe6 25. Bc3 e5 26. Bc2 Nh5 27. Nb1 Bb7 28. f3 Nf4 29. Bb2 Ne6 30. b4 Nd4 31. bxc5 dxc5 32. Be4 Rd8 33. Qc1 Bxe4 34. fxe4 Rf8 35. Ba3 Qc8 36. Qd1 Rd8 37. Nc3 Qa6 38. Nb5 Qa5 39. Nxd4 Qxa3 40. Qb3 Qa5 41. Nf3 Rf8 42. Rd1 h6 43. Qb7 Rf7 44. Qd5 Qc3 45. Rb1 Qe3+ 46. Kh1 Qf4 47. Rb7 Qc1+ 48. Ng1 Qf4 49. g4 Bf8 50. Rxf7 Qxf7 51. Kg2 Kg7 52. Qxe5+ Kh7 53. Qd5 Qf4 54. Qe6 Bg7 55. Nf3 Qc1 56. e5 Qf4 57. h3 Qe3 58. Qd5 h5 59. gxh5 gxh5 60. e6 Kh6 61. Qd2 Qxd2+ 62. Nxd2 Kg6 63. Ne4 Bf8 64. h4 Kf5 65. Kf3 Kxe6 66. Kf4 Bh6+ 67. Kf3 Bf8 68. Ng3 Be7 69. Nxh5 Bxh4 70. Ke4 Kd6 71. Kf5 Bf2 72. Nf6 Kc6 73. Ke6 Bg1 74. Nd5 Bf2 75. Ne7+ Kb6 76. Kd5 Bg1 77. Nf5 Bf2 78. Nd6 Bg1 79. Ne4 Bd4 80. Kd6 Ka5 81. Nxc5 Kb4 82. Ne6 Kxc4 83. Nxd4 Kxd4 1/2-1/2

[Event "SWE-chT 1516"]
[Site "Sweden"]
[Date "2016.03.20"]
[Round "9"]
[White "Schneider, Stefan"]
[Black "Andersson, Bjorn"]
[Result "1/2-1/2"]
[WhiteElo "2378"]
[BlackElo "2179"]
[PlyCount "214"]
[EventDate "2015.11.06"]
[EventType "team-tourn"]
[EventRounds "9"]
[EventCountry "SWE"]
[SourceTitle "EXT 2018"]
[Source "ChessBase"]
[SourceDate "2017.10.13"]
[SourceVersion "1"]
[SourceVersionDate "2017.10.13"]
[SourceQuality "1"]
[WhiteTeam "Limhamn"]
[BlackTeam "Burgsvik Alva"]
[WhiteTeamCountry "SWE"]
[BlackTeamCountry "SWE"]

1. d4 Nf6 2. c4 c5 3. d5 g6 4. Nc3 Bg7 5. e4 d6 6. Be2 Na6 7. Nf3 0-0 8. 0-0 Nc7 9. a4 a6 10. Bg5 h6 11. Be3 Bd7 12. a5 Rb8 13. h3 b5 14. axb6 Rxb6 15. e5 Nfe8 16. Qd2 Kh7 17. Bd3 Qb8 18. Ra2 Rb3 19. Qc2 dxe5 20. Nd2 Rb7 21. Nde4 Bc8 22. Nxc5 Rb4 23. h4 f5 24. f3 Kh8 25. b3 Nd6 26. Ra3 f4 27. Bf2 Nf5 28. Bxf5 Bxf5 29. N3e4 g5 30. hxg5 Rb6 31. Rfa1 Qc8 32. Ne6 Rxe6 33. dxe6 hxg5 34. Qe2 Qxe6 35. Nc5 Qg6 36. Rxa6 Nxa6 37. Rxa6 Bf6 38. Ne4 g4 39. Kf1 Rg8 40. Ke1 Rd8 41. Nxf6 exf6 42. Bh4 Rd3 43. Bxf6+ Kh7 44. Ra7+ Bd7 45. fxg4 Kg8 46. Kf2 e4 47. g5 Rd2 48. Qxd2 e3+ 49. Qxe3 fxe3+ 50. Kxe3 Qf5 51. Ra8+ Kf7 52. Kd4 Qf2+ 53. Kc3 Bc6 54. Rd8 Qe1+ 55. Kb2 Be4 56. Ka3 Qa5+ 57. Kb2 Bxg2 58. Rd7+ Kg6 59. Re7 Bc6 60. Re5 Qb4 61. Be7 Qb7 62. Kc3 Qa6 63. Bf6 Bd7 64. Kb4 Be6 65. Rb5 Bf5 66. Kc3 Be4 67. Re5 Qa1+ 68. Kb4 Qb1 69. Rb5 Kf7 70. Ka3 Ke6 71. Re5+ Kd6 72. Rb5 Kc6 73. Bb2 Bc2 74. Bf6 Be4 75. Bb2 Kd7 76. Bf6 Bc6 77. Re5 Kc7 78. Re7+ Bd7 79. Re5 Qd1 80. Rc5+ Bc6 81. Re5 Kb6 82. Kb2 Qd2+ 83. Ka3 Kb7 84. Re7+ Ka6 85. Re5 Kb6 86. Rf5 Be4 87. Rb5+ Ka6 88. Bb2 Bb1 89. Bf6 Qa2+ 90. Kb4 Qd2+ 91. Ka3 Be4 92. Bb2 Qd6+ 93. Ka2 Bc6 94. Re5 Qd2 95. Ka3 Be4 96. Rb5 Bc6 97. Re5 Kb6 98. Ka2 Qg2 99. Ka3 Be4 100. Rb5+ Kc6 101. Bd4 Qg4 102. Bf6 Qd1 103. Bb2 Qb1 104. Re5 Bd3 105. Re6+ Kd7 106. Re5 Qf1 107. Rd5+ Kc6 1/2-1/2

[Event "Deltalift op"]
[Site "Tylosand"]
[Date "2015.05.14"]
[Round "3"]
[White "Fries Nielsen, Jens Ove"]
[Black "Andersson, Bjorn"]
[Result "1/2-1/2"]
[WhiteElo "2459"]
[BlackElo "2209"]
[PlyCount "42"]
[EventDate "2015.05.14"]
[EventType "swiss"]
[EventRounds "8"]
[EventCountry "SWE"]
[SourceTitle "CBM 166 Extra"]
[Source "ChessBase"]
[SourceDate "2015.06.18"]
[SourceVersion "1"]
[SourceVersionDate "2015.06.18"]
[SourceQuality "1"]

1. Nf3 c5 2. e3 d6 3. d4 cxd4 4. exd4 g6 5. Bb5+ Bd7 6. a4 Bg7 7. 0-0 Nf6 8. Re1 0-0 9. Nc3 Nc6 10. d5 Na5 11. Qe2 Rc8 12. Qxe7 Bxb5 13. Qxd8 Rfxd8 14. axb5 b6 15. Nd4 Rxc3 16. bxc3 Nxd5 17. Bg5 Rc8 18. Rxa5 bxa5 19. Nc6 Bxc3 20. Rd1 Re8 21. g3 Re1+ 1/2-1/2

[Event "SWE-chT 1415 Superettan"]
[Site "Sweden"]
[Date "2014.11.21"]
[Round "1"]
[White "Andersson, Bjorn"]
[Black "Burwick, Malte"]
[Result "0-1"]
[WhiteElo "2233"]
[BlackElo "2228"]
[PlyCount "98"]
[EventDate "2014.11.21"]
[EventType "team-tourn"]
[EventRounds "9"]
[EventCountry "SWE"]
[SourceTitle "EXT 2018"]
[Source "ChessBase"]
[SourceDate "2017.10.13"]
[SourceVersion "1"]
[SourceVersionDate "2017.10.13"]
[SourceQuality "1"]
[WhiteTeam "Burgsvik Alva"]
[BlackTeam "Upsala"]
[WhiteTeamCountry "SWE"]
[BlackTeamCountry "SWE"]

1. e4 g6 2. d4 Bg7 3. Nf3 d6 4. Nc3 a6 5. Be3 Nd7 6. a4 b6 7. Bc4 e6 8. Ng5 h6 9. Nf3 Ngf6 10. h3 Bb7 11. Qd3 d5 12. exd5 exd5 13. Ba2 0-0 14. Qd2 Re8 15. Kf1 Kh7 16. Re1 b5 17. h4 Ne4 18. Nxe4 dxe4 19. Ng1 Rf8 20. Nh3 Nb6 21. h5 g5 22. c3 Nc4 23. Qc2 f5 24. b3 Nd6 25. Bc1 Rc8 26. Ba3 Qd7 27. Bc5 bxa4 28. bxa4 Bc6 29. Bb3 Rb8 30. Qa2 Rxb3 31. Bxd6 Rfb8 32. Bb4 Bd5 33. Qd2 Bf6 34. a5 c5 35. Bxc5 Qb5+ 36. Kg1 Qxa5 37. Rc1 Rb2 38. Qe3 Qc7 39. g3 R8b3 40. Kh2 f4 41. gxf4 gxf4 42. Nxf4 Bg5 43. Kg3 Re2 44. Qxe2 Bxf4+ 45. Kg2 Qg7+ 46. Kf1 Bxc1 47. c4 Rb1 48. Qc2 Bd2+ 49. Qxb1 Bxc4+ 0-1

[Event "SWE-chT 1314"]
[Site "Sweden"]
[Date "2014.03.07"]
[Round "7.2"]
[White "Andersson, Bjorn"]
[Black "Semcesen, Daniel"]
[Result "0-1"]
[WhiteElo "2236"]
[BlackElo "2491"]
[PlyCount "62"]
[EventDate "2013.11.22"]
[EventType "team-tourn"]
[EventRounds "9"]
[EventCountry "SWE"]
[SourceTitle "EXT 2015"]
[Source "ChessBase"]
[SourceDate "2014.11.20"]
[SourceVersion "1"]
[SourceVersionDate "2014.11.20"]
[SourceQuality "1"]
[WhiteTeam "Burgsvik Alva"]
[BlackTeam "Lunds"]
[WhiteTeamCountry "SWE"]
[BlackTeamCountry "SWE"]

1. e4 e5 2. Nf3 Nc6 3. Bb5 a6 4. Ba4 Nf6 5. Qe2 d6 6. c3 Be7 7. d3 0-0 8. Nbd2 b5 9. Bb3 Na5 10. Bc2 c5 11. 0-0 Nc6 12. Rd1 Re8 13. Nf1 h6 14. Ng3 d5 15. exd5 Qxd5 16. Bb3 Qd6 17. a4 Rb8 18. Ne4 Qc7 19. Be3 Na5 20. Nxf6+ Bxf6 21. Bc2 b4 22. cxb4 Rxb4 23. Rab1 Bg4 24. Bd2 Nc6 25. Bc3 Rf4 26. Re1 Bxf3 27. gxf3 Rh4 28. Qf1 Nd4 29. Bd1 Bg5 30. b4 Bf4 31. h3 Re6 0-1

[Event "SWE-chT 1314"]
[Site "Sweden"]
[Date "2013.11.24"]
[Round "3.1"]
[White "Ornstein, Axel"]
[Black "Andersson, Bjorn"]
[Result "1-0"]
[WhiteElo "2331"]
[BlackElo "2258"]
[PlyCount "129"]
[EventDate "2013.11.22"]
[EventType "team-tourn"]
[EventRounds "9"]
[EventCountry "SWE"]
[SourceTitle "CBM 157 Extra"]
[Source "ChessBase"]
[SourceDate "2013.12.19"]
[SourceVersion "1"]
[SourceVersionDate "2013.12.19"]
[SourceQuality "1"]
[WhiteTeam "Eksjo"]
[BlackTeam "Burgsvik Alva"]
[WhiteTeamCountry "SWE"]
[BlackTeamCountry "SWE"]

1. c4 c5 2. Nf3 Nc6 3. d4 cxd4 4. Nxd4 g6 5. e4 Bg7 6. Be3 Nf6 7. Nc3 0-0 8. Be2 d6 9. 0-0 Bd7 10. Nc2 Qa5 11. f3 Rfc8 12. Qd2 Qd8 13. Rac1 h5 14. Rfd1 b6 15. b3 Kh7 16. Bg5 Qh8 17. Nd5 Be6 18. b4 Ng8 19. b5 Bxd5 20. exd5 Bc3 21. Qf4 Ne5 22. Qh4 f6 23. Bd2 Bxd2 24. Rxd2 f5 25. Nd4 Nf6 26. f4 Ned7 27. Bf3 Nc5 28. Re1 Rc7 29. Ne6 Nxe6 30. Rxe6 Rf8 31. Rde2 Rf7 32. h3 Kg7 33. R2e3 Kf8 34. Be2 Ne4 35. R3xe4 fxe4 36. Rxg6 Rg7 37. Re6 Qg8 38. Bf1 Qh7 39. Qe1 Qf5 40. Qe3 Ke8 41. Rxe4 Kd7 42. Bd3 Qf6 43. Kh2 Qb2 44. Qf3 h4 45. Re2 Qf6 46. Re6 Qf7 47. f5 Rg3 48. Qe4 Kc8 49. Rh6 Qg7 50. Rxh4 Kb7 51. a4 Qg5 52. Bf1 Ra3 53. Qf4 Qg7 54. Rh6 Ra1 55. f6 exf6 56. Rxf6 Rd7 57. Be2 Rxa4 58. Bg4 Rc7 59. Qxd6 Raxc4 60. Bf3 Rf7 61. Rg6 Qb2 62. Rg8 Qxb5 63. Be2 Qc5 64. Rb8+ Ka6 65. Qxc5 1-0

[Event "Fredericia Glenco"]
[Site "Fredericia"]
[Date "2013.05.05"]
[Round "9"]
[White "Aabling Thomsen, Jakob"]
[Black "Andersson, Bjorn"]
[Result "1-0"]
[WhiteElo "2336"]
[BlackElo "2277"]
[PlyCount "79"]
[EventDate "2013.05.01"]
[EventType "tourn"]
[EventRounds "9"]
[EventCountry "DEN"]
[EventCategory "5"]
[SourceTitle "CBM 154 Extra"]
[Source "ChessBase"]
[SourceDate "2013.06.25"]
[SourceVersion "2"]
[SourceVersionDate "2013.06.25"]
[SourceQuality "1"]

1. c4 c5 2. Nc3 Nc6 3. g3 d6 4. Bg2 g6 5. Nf3 Bg7 6. 0-0 Bd7 7. b3 Qc8 8. Re1 Bh3 9. Bh1 h5 10. Bb2 h4 11. Qc1 hxg3 12. fxg3 Bg4 13. Nd5 e5 14. Rf1 Qd7 15. a3 Bxf3 16. Bxf3 f5 17. e4 Nf6 18. d3 0-0-0 19. b4 Rdf8 20. bxc5 dxc5 21. Rb1 Bh6 22. Qc2 f4 23. Qe2 Kb8 24. gxf4 Nd4 25. Bxd4 cxd4 26. fxe5 Nxd5 27. exd5 Bf4 28. Rf2 Be3 29. Rbf1 Rxh2 30. Kxh2 Rh8+ 31. Kg1 Qh3 32. Rb1 Rf8 33. Bg2 Qg3 34. Rbf1 Rh8 35. Re1 Rf8 36. Qxe3 dxe3 37. Rxf8+ Kc7 38. d6+ Kb6 39. Re2 Qg4 40. Rf3 1-0

[Event "Fredericia Glenco"]
[Site "Fredericia"]
[Date "2013.05.03"]
[Round "5"]
[White "Fries Nielsen, Jens Ove"]
[Black "Andersson, Bjorn"]
[Result "1-0"]
[WhiteElo "2383"]
[BlackElo "2277"]
[PlyCount "103"]
[EventDate "2013.05.01"]
[EventType "tourn"]
[EventRounds "9"]
[EventCountry "DEN"]
[EventCategory "5"]
[SourceTitle "CBM 154 Extra"]
[Source "ChessBase"]
[SourceDate "2013.06.25"]
[SourceVersion "2"]
[SourceVersionDate "2013.06.25"]
[SourceQuality "1"]

1. e4 c5 2. Nf3 Nc6 3. Bc4 e5 4. d3 Be7 5. Ng5 Bxg5 6. Qh5 g6 7. Qxg5 Qxg5 8. Bxg5 f6 9. Bh4 g5 10. Bg3 Nge7 11. Nc3 a6 12. a4 d6 13. a5 Nd4 14. Kd2 Be6 15. h4 h5 16. f3 Kf7 17. Rh2 Rag8 18. Rah1 Kg6 19. Bf2 Nec6 20. Nd5 Rg7 21. c3 Nb5 22. g4 hxg4 23. fxg4 Bxd5 24. Bxd5 Nc7 25. h5+ Kh6 26. Ba2 Re8 27. Rf1 Ne6 28. Bxc5 Nxc5 29. Rxf6+ Kh7 30. Rhf2 Nd7 31. Rxd6 Rf8 32. Rf5 Rxf5 33. exf5 Nf8 34. h6 Rd7 35. Rf6 Rd8 36. b4 e4 37. d4 Ne5 38. Rb6 Nxg4 39. Rxb7+ Nd7 40. b5 axb5 41. a6 Ngf6 42. a7 Kxh6 43. Be6 b4 44. cxb4 Ne5 45. Rb8 Rxd4+ 46. Kc2 e3 47. a8Q Rd2+ 48. Kb3 g4 49. Qa1 Rd3+ 50. Ka4 Nfd7 51. Bxd7 Nxd7 52. Rg8 1-0

[Event "SWE-chT 0910"]
[Site "Sweden"]
[Date "2009.10.16"]
[Round "9"]
[White "Andersson, Bjorn"]
[Black "Sjodahl, Pontus"]
[Result "1/2-1/2"]
[WhiteElo "2314"]
[BlackElo "2421"]
[PlyCount "53"]
[EventDate "2009.10.16"]
[EventType "team"]
[EventRounds "11"]
[EventCountry "SWE"]
[SourceTitle "EXT 2011"]
[Source "ChessBase"]
[SourceDate "2010.11.26"]
[SourceVersion "1"]
[SourceVersionDate "2010.11.26"]
[SourceQuality "1"]
[WhiteTeam "Manhem"]
[BlackTeam "Vasteras"]
[WhiteTeamCountry "SWE"]
[BlackTeamCountry "SWE"]

1. e4 e6 2. d4 d5 3. e5 c5 4. c3 Qb6 5. Nf3 Bd7 6. a3 Bb5 7. c4 dxc4 8. Nc3 Ba6 9. d5 Ne7 10. Bxc4 Bxc4 11. Qa4+ Nd7 12. Qxc4 exd5 13. Nxd5 Qc6 14. Nc3 Nb6 15. Qe2 Nbd5 16. Nxd5 Nxd5 17. 0-0 Be7 18. Ng5 0-0 19. Qe4 Bxg5 20. Bxg5 Rfe8 21. Rad1 Ne7 22. Qxc6 Nxc6 23. f4 Nd4 24. Bh4 Rac8 25. Rfe1 Kf8 26. Kf1 b6 27. Rd3 1/2-1/2

[Event "SWE-chT 0809"]
[Site "Sweden"]
[Date "2008.12.06"]
[Round "4"]
[White "Barkhagen, Jonas"]
[Black "Andersson, Bjorn"]
[Result "1/2-1/2"]
[WhiteElo "2536"]
[BlackElo "2338"]
[PlyCount "72"]
[EventDate "2008.10.25"]
[EventType "team-tourn"]
[EventRounds "11"]
[EventCountry "SWE"]
[SourceTitle "EXT 2011"]
[Source "ChessBase"]
[SourceDate "2010.11.26"]
[SourceVersion "1"]
[SourceVersionDate "2010.11.26"]
[SourceQuality "1"]

1. d4 Nf6 2. c4 g6 3. Nc3 Bg7 4. e4 d6 5. Be2 0-0 6. Nf3 e5 7. 0-0 Nbd7 8. Qc2 c6 9. Rd1 Qc7 10. h3 Re8 11. Be3 exd4 12. Bxd4 Ne5 13. Nh2 Qe7 14. Re1 Bh6 15. Bf1 a6 16. Rad1 b5 17. cxb5 axb5 18. a3 Rb8 19. b4 Nfd7 20. a4 bxa4 21. b5 Bb7 22. Qxa4 Nc5 23. Qc2 cxb5 24. Bxb5 Rec8 25. Qe2 Ne6 26. Bxe5 dxe5 27. Nd5 Bxd5 28. exd5 Nf4 29. Qf1 Rc5 30. Bc6 Rd8 31. Ng4 Bg7 32. Ne3 Qc7 33. g3 Ne6 34. dxe6 Rxc6 35. Nd5 Rxd5 36. exf7+ Qxf7 1/2-1/2

[Event "SWE-chT 0809"]
[Site "Sweden"]
[Date "2008.12.05"]
[Round "3"]
[White "Andersson, Bjorn"]
[Black "Hjelm, Niclas"]
[Result "1/2-1/2"]
[WhiteElo "2338"]
[BlackElo "2369"]
[PlyCount "29"]
[EventDate "2008.10.25"]
[EventType "team-tourn"]
[EventRounds "11"]
[EventCountry "SWE"]
[SourceTitle "EXT 2011"]
[Source "ChessBase"]
[SourceDate "2010.11.26"]
[SourceVersion "1"]
[SourceVersionDate "2010.11.26"]
[SourceQuality "1"]

1. e4 e5 2. Nf3 Nc6 3. Bc4 Bc5 4. c3 Nf6 5. d3 d6 6. Nbd2 Bb6 7. Bb3 0-0 8. 0-0 Ne7 9. h3 Ng6 10. Nc4 h6 11. Re1 Be6 12. Nxb6 Bxb3 13. Qxb3 axb6 14. Be3 d5 15. exd5 1/2-1/2

[Event "SWE-chT 0708"]
[Site "Sweden"]
[Date "2008.02.02"]
[Round "7"]
[White "Andersson, Bjorn"]
[Black "Schneider, Stefan"]
[Result "1/2-1/2"]
[WhiteElo "2334"]
[BlackElo "2453"]
[PlyCount "114"]
[EventDate "2007.10.19"]
[EventType "team"]
[EventRounds "11"]
[EventCountry "SWE"]
[SourceTitle "EXT 2009"]
[Source "ChessBase"]
[SourceDate "2008.11.26"]
[SourceVersion "1"]
[SourceVersionDate "2008.11.26"]
[SourceQuality "1"]
[WhiteTeam "Manhem"]
[BlackTeam "Limhamn"]
[WhiteTeamCountry "SWE"]
[BlackTeamCountry "SWE"]

1. e4 e6 2. d4 d5 3. e5 c5 4. c3 Qb6 5. Nf3 Bd7 6. Be2 cxd4 7. Nxd4 Nc6 8. Nxc6 bxc6 9. 0-0 f6 10. Bd3 g6 11. Qe2 Bg7 12. Be3 Qc7 13. exf6 Nxf6 14. Bd4 0-0 15. Nd2 Nh5 16. Bxg7 Nf4 17. Qe5 Qxe5 18. Bxe5 Nxd3 19. Bd6 Rfe8 20. b4 e5 21. Nb3 Bf5 22. f3 h5 23. Nc5 Nb2 24. Nb3 g5 25. Rf2 Nc4 26. Bc5 Re6 27. Re1 Kh7 28. g3 Kg6 29. a4 g4 30. fxg4 hxg4 31. a5 Be4 32. Nd2 Nxd2 33. Rxd2 Bf3 34. Bd4 Kf5 35. Bc5 a6 36. Rd3 Rh8 37. h4 Rd8 38. Rde3 Rde8 39. Kf2 Kg6 40. Kg1 Be4 41. Rf1 Rf6 42. Rxf6+ Kxf6 43. Re1 Kg6 44. Rf1 Bf3 45. Kf2 Re6 46. Ke3 Rf6 47. Rf2 Rf7 48. Rf1 Kf5 49. Rf2 Rh7 50. Rd2 Ke6 51. Rf2 Rh5 52. Rd2 Rh8 53. Rf2 Kf5 54. Rd2 Re8 55. Bd6 Re6 56. Bc5 Kg6 57. Ba7 Re8 1/2-1/2

[Event "DEN-chT 0708"]
[Site "Denmark"]
[Date "2008.01.12"]
[Round "4.8"]
[White "Pedersen, Finn"]
[Black "Andersson, Bjorn"]
[Result "0-1"]
[WhiteElo "2262"]
[BlackElo "2280"]
[PlyCount "90"]
[EventDate "2007.11.10"]
[EventType "team-tourn"]
[EventRounds "9"]
[EventCountry "DEN"]
[SourceTitle "EXT 2023"]
[Source "ChessBase"]
[SourceDate "2022.10.05"]
[SourceVersion "1"]
[SourceVersionDate "2022.10.05"]
[SourceQuality "1"]
[WhiteTeam "Aarhus/Skolerne"]
[BlackTeam "Helsinge"]
[WhiteTeamCountry "DEN"]
[BlackTeamCountry "DEN"]

1. e4 c5 2. Nc3 Nc6 3. g3 Nf6 4. Bg2 e6 5. Nge2 Be7 6. 0-0 d5 7. exd5 exd5 8. d4 cxd4 9. Nxd4 0-0 10. Be3 Bg4 11. Qd2 Ne5 12. h3 Bd7 13. Bg5 Nc4 14. Qc1 h6 15. Bf4 Rc8 16. Rd1 Qb6 17. Nb3 Be6 18. a4 a5 19. g4 Rfd8 20. Rd3 Bd6 21. Rb1 Ne5 22. Rd1 Ng6 23. Be3 Qc7 24. Nb5 Bh2+ 25. Kh1 Qb8 26. Ba7 Qf4 27. Qxf4 Bxf4 28. Bb6 Re8 29. N5d4 Ne4 30. Kg1 Bd7 31. Ra1 Be5 32. Nxa5 Nf4 33. Nab3 h5 34. gxh5 Bxh3 35. Bf3 Ng5 36. Bh1 Rxc2 37. Rd2 Rxd2 38. Nxd2 Bxd4 39. Bxd4 Ne2+ 40. Kh2 Nxd4 41. Bxd5 Re2 42. Nc4 Be6 43. Bxe6 Ngxe6 44. b4 Rxf2+ 45. Kg1 Rf4 0-1

[Event "SWE-chT 0708"]
[Site "Sweden"]
[Date "2007.11.18"]
[Round "5"]
[White "Andersson, Bjorn"]
[Black "Fagerstrom, Bjorn"]
[Result "1-0"]
[WhiteElo "2320"]
[BlackElo "2259"]
[PlyCount "113"]
[EventDate "2007.10.19"]
[EventType "team"]
[EventRounds "11"]
[EventCountry "SWE"]
[SourceTitle "EXT 2009"]
[Source "ChessBase"]
[SourceDate "2008.11.26"]
[SourceVersion "1"]
[SourceVersionDate "2008.11.26"]
[SourceQuality "1"]
[WhiteTeam "Manhem"]
[BlackTeam "Astorp"]
[WhiteTeamCountry "SWE"]
[BlackTeamCountry "SWE"]

1. e4 e6 2. d4 d5 3. Nd2 c5 4. exd5 Qxd5 5. Ngf3 cxd4 6. Bc4 Qd6 7. Qe2 Nf6 8. Nb3 Nc6 9. Bg5 a6 10. 0-0-0 Be7 11. Nbxd4 Nxd4 12. Nxd4 Qc7 13. Kb1 0-0 14. h4 b5 15. Bb3 Bb7 16. Bxe6 fxe6 17. Nxe6 Qc6 18. Nxf8 Kxf8 19. f3 h6 20. Bf4 Re8 21. Qd3 Rd8 22. Qf5 Rxd1+ 23. Rxd1 Bc8 24. Qd3 Be6 25. Bd6 Nd5 26. Bxe7+ Kxe7 27. Qd4 Kf7 28. g4 b4 29. f4 Kf8 30. f5 Bf7 31. g5 hxg5 32. hxg5 Qb5 33. Re1 Qa5 34. Qe5 Qd8 35. g6 Bg8 36. Re4 a5 37. Qd4 Qc7 38. Qe5 Qd8 39. Rd4 a4 40. Kc1 Qg5+ 41. Rd2 a3 42. bxa3 Qg1+ 43. Rd1 Qg5+ 44. Kb2 bxa3+ 45. Kxa3 Qd8 46. Rd3 Qa5+ 47. Kb2 Qb6+ 48. Kc1 Qg1+ 49. Rd1 Qc5 50. Re1 Qa3+ 51. Kd1 Qf3+ 52. Kd2 Qg2+ 53. Kc1 Qg5+ 54. Kb1 Qd8 55. Ka1 Ne7 56. c4 Qa8 57. Qd6 1-0

[Event "SWE-chT 0708"]
[Site "Sweden"]
[Date "2007.10.20"]
[Round "2"]
[White "Ernst, Thomas"]
[Black "Andersson, Bjorn"]
[Result "1-0"]
[WhiteElo "2530"]
[BlackElo "2320"]
[PlyCount "81"]
[EventDate "2007.10.19"]
[EventType "team"]
[EventRounds "11"]
[EventCountry "SWE"]
[SourceTitle "EXT 2009"]
[Source "ChessBase"]
[SourceDate "2008.11.26"]
[SourceVersion "1"]
[SourceVersionDate "2008.11.26"]
[SourceQuality "1"]
[WhiteTeam "Sollentuna"]
[BlackTeam "Manhem"]
[WhiteTeamCountry "SWE"]
[BlackTeamCountry "SWE"]

1. e4 e5 2. Nf3 Nc6 3. Bb5 Bc5 4. c3 Nf6 5. d4 Bb6 6. Qe2 0-0 7. dxe5 Ng4 8. Bxc6 bxc6 9. h3 Nxf2 10. Rf1 d5 11. Rxf2 Bxf2+ 12. Kxf2 dxe4 13. Qxe4 Qd1 14. Nbd2 Ba6 15. Nb3 f5 16. Qe1 Qd5 17. Bg5 Bc4 18. Rd1 Qf7 19. Nc5 Bd5 20. e6 Qh5 21. Bf4 Rfe8 22. Qe5 Re7 23. Rxd5 cxd5 24. Qxd5 Rb8 25. b3 h6 26. Nd4 Ree8 27. Bxc7 Rbc8 28. e7+ Kh8 29. Bd8 Qh4+ 30. g3 Qxh3 31. Nf3 f4 32. gxf4 Qg4 33. Qf7 Rexd8 34. exd8Q+ Rxd8 35. Ne6 Rd3 36. Qe8+ Kh7 37. Neg5+ hxg5 38. Nxg5+ Kh6 39. Qh8+ Kg6 40. Qh7+ Kf6 41. Qxd3 1-0

[Event "SWE-chT 0304"]
[Site "Sweden"]
[Date "2003.??.??"]
[Round "2"]
[White "Lindberg, Bengt"]
[Black "Andersson, Bjorn"]
[Result "1-0"]
[WhiteElo "2515"]
[BlackElo "2315"]
[PlyCount "64"]
[EventDate "2003.10.??"]
[EventType "team"]
[EventRounds "11"]
[EventCountry "SWE"]
[SourceTitle "EXT 2005"]
[Source "ChessBase"]
[SourceDate "2004.11.15"]
[SourceVersion "1"]
[SourceVersionDate "2004.11.15"]
[SourceQuality "1"]
[WhiteTeam "Farsta"]
[BlackTeam "Manhem"]
[WhiteTeamCountry "SWE"]
[BlackTeamCountry "SWE"]

1. e4 e5 2. Nf3 Nc6 3. Bb5 Bc5 4. c3 Nf6 5. d4 Bb6 6. 0-0 0-0 7. Bg5 h6 8. Bh4 d6 9. Bxc6 bxc6 10. dxe5 dxe5 11. Qa4 Qd6 12. Nbd2 Nd7 13. Rfd1 Re8 14. Nb3 Qe6 15. c4 a5 16. Nbd2 g5 17. Bg3 f6 18. Qc2 h5 19. h4 g4 20. Nh2 Bd4 21. Nhf1 Nc5 22. Ne3 Rb8 23. Rab1 Bxe3 24. fxe3 a4 25. b4 axb3 26. axb3 Na6 27. Nf1 Nb4 28. Qd2 c5 29. Be1 Bb7 30. Ng3 Bc6 31. Qf2 Qf7 32. Qf5 Red8 1-0

[Event "SWE-chT 0203"]
[Site "Sweden"]
[Date "2002.12.07"]
[Round "5"]
[White "Friberg, Hans"]
[Black "Andersson, Bjorn"]
[Result "1-0"]
[WhiteElo "2265"]
[BlackElo "2330"]
[PlyCount "105"]
[EventDate "2002.10.11"]
[EventType "team"]
[EventRounds "11"]
[EventCountry "SWE"]
[SourceTitle "EXT 2004"]
[Source "ChessBase"]
[SourceDate "2003.11.25"]
[SourceVersion "1"]
[SourceVersionDate "2003.11.25"]
[SourceQuality "1"]
[WhiteTeam "Skara"]
[BlackTeam "Manhem"]
[WhiteTeamCountry "SWE"]
[BlackTeamCountry "SWE"]

1. Nf3 Nf6 2. c4 c5 3. Nc3 e6 4. g3 d5 5. cxd5 Nxd5 6. Bg2 Be7 7. 0-0 Nc6 8. d4 0-0 9. e4 Nb6 10. Ne2 cxd4 11. Nexd4 Nxd4 12. Nxd4 Bf6 13. Nf3 Qxd1 14. Rxd1 e5 15. b3 Bg4 16. h3 Bxf3 17. Bxf3 Rfd8 18. Be3 Rxd1+ 19. Rxd1 Rd8 20. Bc5 Nc8 21. Rc1 Bg5 22. Rc2 b6 23. Ba3 Nd6 24. Bxd6 Rxd6 25. Rc7 a5 26. Be2 Bd8 27. Rb7 f6 28. Bc4+ Kh8 29. Kf1 g6 30. Rf7 h5 31. Ke2 g5 32. g4 hxg4 33. hxg4 b5 34. Bxb5 Bb6 35. Bc4 Bd4 36. Bd5 Rb6 37. Ra7 Rb8 38. Rxa5 Kg7 39. Ra4 Kf8 40. Rc4 Ke7 41. Rc7+ Kd8 42. Rf7 Rb6 43. a4 Bc3 44. Kd3 Bb4 45. Kc4 Be1 46. f3 Kc8 47. Rf8+ Kc7 48. Ra8 Kd6 49. Kd3 Kc5 50. a5 Rd6 51. a6 Ba5 52. a7 Kb6 53. b4 1-0

[Event "Sweden"]
[Site "Sweden"]
[Date "1992.??.??"]
[Round "?"]
[White "Ronneland, Daniel"]
[Black "Andersson, Bjorn"]
[Result "1/2-1/2"]
[WhiteElo "2275"]
[BlackElo "2330"]
[PlyCount "128"]
[EventDate "1992.??.??"]
[EventType "tourn"]
[EventRounds "9"]
[EventCountry "SWE"]
[SourceTitle "EXT 2000"]
[Source "ChessBase"]
[SourceDate "1999.11.16"]
[SourceVersion "1"]
[SourceVersionDate "1999.11.16"]
[SourceQuality "1"]

1. e4 c5 2. Nf3 e6 3. d4 cxd4 4. Nxd4 Nf6 5. Nc3 d6 6. Be2 Nc6 7. Be3 Be7 8. 0-0 0-0 9. f4 a6 10. Bf3 Qc7 11. Nxc6 bxc6 12. Na4 Bb7 13. c4 c5 14. Nc3 Rad8 15. Qc2 Rfe8 16. e5 dxe5 17. Bxb7 exf4 18. Bxa6 fxe3 19. Qe2 Rd2 20. Qxe3 Rxb2 21. Rab1 Rxb1 22. Rxb1 Qxh2+ 23. Kxh2 Ng4+ 24. Kg3 Nxe3 25. Kf3 Nc2 26. a4 Nb4 27. Bb5 Ra8 28. Rd1 f5 29. Rd7 Kf8 30. Rc7 g5 31. g4 Rd8 32. Rd7 Nc2 33. gxf5 exf5 34. Nd5 Nd4+ 35. Kg2 Rxd7 36. Bxd7 Bd8 37. Ne3 Ke7 38. Bxf5 Nxf5 39. Nxf5+ Ke6 40. Ng7+ Ke5 41. Kf3 h6 42. Ke3 g4 43. Nh5 Ba5 44. Ng3 Bb4 45. Nh5 Kf5 46. Ng3+ Kg6 47. Ne4 h5 48. Kf4 Kh6 49. Kg3 Kg7 50. Kf4 Kg6 51. Ke5 h4 52. Kf4 g3 53. Kf3 Kf5 54. a5 Bxa5 55. Nxc5 Ke5 56. Nd3+ Kd4 57. Nf4 Kxc4 58. Ng2 Bd8 59. Ne3+ Kd3 60. Nf5 Bf6 61. Nxg3 h3 62. Ne2 Be5 63. Kf2 Kd2 64. Kg1 Kxe2 1/2-1/2